• 首页
  • 本馆介绍
  • 公告通知
  • 最新文献
  • 馆藏检索
  • 电子资源
  • 读者导购
  • 参考咨询
  • 我的图书馆
  • 登录
  • 详细信息显示
  • 放入我的书架
  • 预约/预借图书
  • 作者相关作品
  • 分类相关作品
  • 丛书相关作品
  • 出版社相关作品

书目信息

  • 表格格式
  • 工作单格式
  • 卡片格式
题名:
新资本主义
    
 
作者: 哈拉尔 著 ;冯韵文 , 黄育馥 译
分册:  
出版信息: 北京   社会科学文献出版社  1999
页数: 499页
开本: 20cm
丛书名: 资本主义研究丛书
单 册:
中图分类: F279.712.3
科图分类:
主题词: 企业经济
电子资源:
ISBN: 7-80050-234-1
000 00745nam0 2200253 45
001 0304011003
005 20031219104108.4
010    @a7-80050-234-1@dCNY28.00
100    @a20030401d1999 km y0chiy0120 ea
101 0  @achi@ceng
105    @a z 000yy
200 1  @a新资本主义@AXin Zi Ben Zhu Yi@f(美)W.E.哈拉尔著@F(Mei)W.E.Ha La Er Zhu@g冯韵文,黄育馥译
205    @a2版
210    @a北京@c社会科学文献出版社@d1999
215    @a499页@d20cm
225    @a资本主义研究丛书
410    @12001 @a资本主义研究丛书
606 0  @a企业经济
690    @aF279.712.3@v4
701  0 @a哈拉尔@4著
702  0 @a冯韵文@AFeng Yun Wen@4译
702  0 @a黄育馥@AHuang Yu Fu@4译
801    @aCN@bTSTC@c20030401
905    @b321962-966@dF279.712.3@e123=2@f5
    
    新资本主义/(美)W.E.哈拉尔著/冯韵文,黄育馥译.-2版.-北京:社会科学文献出版社,1999
    499页;20cm.-(资本主义研究丛书)
    
    
    ISBN 7-80050-234-1:CNY28.00
    
●
相关链接 在E读中查询图书 在五车中查询图书 在当当中查询图书 在豆瓣中查询图书


正题名:新资本主义     索取号:F279.712.3/123=2         预约/预借

序号 登录号 条形码 馆藏地/架位号 状态 备注
1 0321962   203219622   第一借阅区/ [索取号:F279.712.3/123=2] 在馆    
2 0321963   203219631   第一借阅区/ [索取号:F279.712.3/123=2] 在馆    
3 0321964   203219640   第一借阅区/ [索取号:F279.712.3/123=2] 在馆    
4 0321965   203219659   第一借阅区/ [索取号:F279.712.3/123=2] 在馆    
5 0321966   203219668   第一借阅区/ [索取号:F279.712.3/123=2] 在馆    
唐山师范学院图书馆 欢迎您!
大连网信软件有限公司© 版权所有